000
00359nam a2200133Ia 4500
008
100328s9999 xx 000 0 und d
082
_b
23045
100
_a
बोरकर लक्ष्मीदास
245
_a
नुमरॅग
260
_b
श्रीरंग
630
_a
नुमरॅग
730
_a
नुमरॅग
942
_c
BOOK
999
_c
516832
_d
516829